New English life: Elementary workbook ( key)

Guardado en:
Detalles Bibliográficos
Formato: Libro
Publicado: 2004
Etiquetas: Agregar Etiqueta
Sin Etiquetas, Sea el primero en etiquetar este registro!
Thư viện lưu trữ: Mạng thư viện Đại học Đà Nẵng
LEADER 00453nam a22001811a 4500
001 000038170
003 14465
005 20160412021233.0
008 160412s2004 000
082 |a 4A(07)1768 
245 |a New English life: Elementary workbook ( key)  |c Clive Oxenden 
260 |c 2004 
OWN |a LNN 
999 |a From the UDN01 
TYP |a Monograph 
980 |a Mạng thư viện Đại học Đà Nẵng